000 00640nam a2200229I 4500
001 6195
003 BD-RjUL
005 20211208234213.0
008 140109s1963 nyu 00100 eng d
035 _a(BD-RjUL)6235
040 _cDRB
_dBOS
_aBD-RjUL
_beng
041 _aeng
082 0 0 _219
_a519.4
_bMAN 1966
100 1 _aMacon, Nathaniel.
_919480
245 1 0 _aNumerical analysis /
_cBY Nathaniel Macon.
260 _aNew York :
_bWiley,
_c1963 [impression 1966].
300 _axiii, 161 p. :
_bill. ;
_c24 cm.
504 _aIncludes index.
650 0 _aNumerical calculations.
_919279
650 0 _aComputers.
_919481
942 _2ddc
_cBK
999 _c6195
_d6195